[Event "Arab-ch8 Doha"]
[Site "Doha"]
[Date "1993.??.??"]
[Round "2"]
[White "Moussa, Alaa Eddine"]
[Black "Al Ghasra, Ali"]
[Result "1/2-1/2"]
[WhiteElo "2205"]
[BlackElo "2205"]

1.d4 Nf6 2.c4 e6 3.Nf3 b6 4.g3 Ba6 5.b3 Bb4+ 6.Bd2 Be7 7.Bg2 c6 8.O-O O-O
9.Bc3 d5 10.Nbd2 Bb7 11.Bb2 Nbd7 12.Ne5 Rc8 13.e4 dxe4 14.Nxe4 Nxe4 15.Bxe4 Nf6
16.Bg2 Qc7 17.Qf3 Ba8 18.Rad1 Rfd8 19.Qe2 c5 20.Bxa8 Rxa8 21.Qf3 cxd4 22.Bxd4 Rac8
23.Bb2  1/2-1/2

[Event "Doha"]
[Site "Doha"]
[Date "1993.??.??"]
[Round "5"]
[White "Abou el Zein, Eid Mahmoud"]
[Black "Al Khateeb, Ahmed"]
[Result "1/2-1/2"]
[WhiteElo "2325"]
[BlackElo "2300"]

1.d4 Nf6 2.c4 e6 3.Nf3 b6 4.g3 Ba6 5.Qa4 c5 6.Bg2 Bb7 7.O-O cxd4 8.Nxd4 Bxg2
9.Kxg2 Qc7 10.Nc3 Bc5  1/2-1/2

[Event "Dortmund op-A"]
[Site "Dortmund"]
[Date "1993.??.??"]
[Round "6"]
[White "Podgaets, Mikhail"]
[Black "Bebchuk, Evgeni"]
[Result "1-0"]
[WhiteElo "2450"]
[BlackElo "2300"]

1.d4 Nf6 2.c4 e6 3.Nf3 b6 4.g3 Ba6 5.b3 Bb4+ 6.Bd2 Bxd2+ 7.Qxd2 O-O 8.Bg2 d5
9.cxd5 exd5 10.Nc3 Qe7 11.Ne5 Bb7 12.O-O Na6 13.Rac1 Rfd8 14.Qf4 c6 15.Nd1 c5
16.Ne3 g6 17.Rfd1 Nc7 18.dxc5 bxc5 19.Nd3 Ne6 20.Qe5 Rac8 21.Nf4 Rc7 22.Nfxd5 Bxd5
23.Bxd5 Nd7 24.Qe4 Nf6 25.Qc4 Re8 26.Bxe6 Qxe6 27.b4 Rec8 28.b5 Qxc4 29.Rxc4 Rf8
30.a4 a6 31.bxa6 Ra8 32.Rd6 Kg7 33.Rxf6  1-0

[Event "Dortmund op-A"]
[Site "Dortmund"]
[Date "1993.??.??"]
[Round "9"]
[White "Appel, Ralf"]
[Black "Assmann, Thomas"]
[Result "1-0"]
[WhiteElo "2385"]
[BlackElo "2320"]

1.d4 Nf6 2.Nf3 e6 3.c4 b6 4.g3 Ba6 5.Qc2 c5 6.Bg2 Bb7 7.O-O cxd4 8.Nxd4 Bxg2
9.Kxg2 Qc7 10.Kg1 a6 11.Bf4 Qb7 12.Nc3 Be7 13.Rfd1 O-O 14.Nf3 Rc8 15.b3 d5
16.Ne5 dxc4 17.Nxc4 b5 18.Na5 Qa7 19.Nxb5 Qc5 20.Qxc5 Rxc5 21.Nd4 e5 22.Nf5 exf4
23.Nxe7+ Kf8 24.Nb7 Rb5 25.Nc8 Rxb7 26.Rd8+ Ne8 27.Rxe8+ Kxe8 28.Nd6+ Kd7
29.Nxb7 fxg3 30.hxg3 Kc7 31.Na5 Kb6 32.Nc4+ Kc5 33.a3 Nc6 34.Rc1 Nd4 35.Nd2+ Kd5
36.e4+ Kd6 37.Rc4 Ne6 38.f4 g6 39.Kf2 Rb8 40.Ke3 Nc5 41.e5+ Kd5 42.Rd4+ Kc6
43.Rd6+ Kb5 44.Kd4 Rc8 45.Rd5 Rd8 46.Rxd8 Ne6+ 47.Kd5 Nxd8 48.Ne4 a5 49.Nd6+ Kb6
50.Nxf7  1-0

[Event "Dortmund op-A"]
[Site "Dortmund"]
[Date "1993.??.??"]
[Round "10"]
[White "Podgaets, Mikhail"]
[Black "Bischoff, Klaus"]
[Result "1/2-1/2"]
[WhiteElo "2450"]
[BlackElo "2505"]

1.d4 Nf6 2.c4 e6 3.Nf3 b6 4.g3 Ba6 5.b3 Bb7 6.Bg2 Bb4+ 7.Bd2 Be7 8.Nc3 O-O
9.O-O Na6 10.Qb1 d5 11.cxd5 exd5 12.Ne5 h6 13.Rd1 c6 14.Qb2 Re8 15.a3 Nc7
16.Rac1 Ne6 17.Be1 Qd6 18.Nb1 Bf8 19.e3 a5  1/2-1/2

[Event "Drobeta"]
[Site "Drobeta"]
[Date "1993.??.??"]
[Round "?"]
[White "Itkis, Boris"]
[Black "Cosma, Ioan"]
[Result "1/2-1/2"]
[WhiteElo "2435"]
[BlackElo "2365"]

1.d4 Nf6 2.Nf3 e6 3.c4 b6 4.g3 Ba6 5.Qb3 Nc6 6.Nbd2 d5 7.Qa4 Bb7 8.Ne5 Bd6
9.Bg2 O-O 10.Nxc6 Qd7 11.O-O Bxc6 12.Qc2 Rad8 13.b3 dxc4 14.Bxc6 Qxc6  1/2-1/2

[Event "Eger"]
[Site "Eger"]
[Date "1993.??.??"]
[Round "7"]
[White "Kiss, Pal"]
[Black "Titz, Heimo"]
[Result "0-1"]
[WhiteElo "2420"]
[BlackElo "2290"]

1.d4 Nf6 2.c4 e6 3.Nf3 b6 4.g3 Ba6 5.b3 Bb7 6.Bg2 Bb4+ 7.Bd2 a5 8.O-O O-O
9.Bf4 a4 10.Nbd2 Ne4 11.Qc2 Bxd2 12.Bxd2 Nxd2 13.Qxd2 axb3 14.axb3 Nc6 15.Rxa8 Qxa8
16.Qb2 Qd8 17.Ra1 Qe7 18.d5 exd5 19.cxd5 Nb4 20.Nh4 Bxd5 21.Nf5 Qg5 22.Qe5 Be6
23.e4 Bxf5 24.exf5 Qf6 25.Qxf6 gxf6 26.Ra7 Rc8 27.Bb7 Rd8 28.Bf3 c6 29.Ra4 Nd3
30.Rg4+ Kf8 31.Rh4 Ne5 32.Be2 d5 33.f4 Nd7 34.Rxh7 Kg8 35.Rh3 Re8 36.Bd3 Re3  0-1

[Event "Elenite"]
[Site "Elenite"]
[Date "1993.??.??"]
[Round "5"]
[White "Khenkin, Igor"]
[Black "Vyzmanavin, Alexey"]
[Result "1/2-1/2"]
[WhiteElo "2570"]
[BlackElo "2605"]

1.d4 Nf6 2.c4 e6 3.Nf3 b6 4.g3 Ba6 5.b3 Bb4+ 6.Bd2 Be7 7.Bg2 c6 8.Bc3 d5
9.Ne5 Nfd7 10.Nxd7 Nxd7 11.Nd2 O-O 12.O-O f5 13.b4 Nf6 14.a4 Rc8 15.c5 bxc5
16.bxc5 Qc7 17.Re1 Rb8 18.Qc2 Rb7 19.e3 Ne4 20.Rab1 Rfb8 21.Rxb7 Rxb7 22.Rb1 Nxd2
23.Bxd2 Qb8 24.Rxb7  1/2-1/2

[Event "Elenite"]
[Site "Elenite"]
[Date "1993.??.??"]
[Round "7"]
[White "Kolev, Atanas"]
[Black "Tukmakov, Vladimir B"]
[Result "1-0"]
[WhiteElo "2500"]
[BlackElo "2600"]

1.d4 Nf6 2.Nf3 e6 3.c4 b6 4.g3 Ba6 5.b3 Bb4+ 6.Bd2 Be7 7.Bg2 d5 8.Ne5 Bb7
9.Nc3 O-O 10.O-O Na6 11.cxd5 exd5 12.Qc2 h6 13.Rad1 Qc8 14.Rfe1 c5 15.Be3 Rd8
16.f4 cxd4 17.Bxd4 Ne4 18.Qb2 Bc5 19.Nb5 f6 20.Nd3 Qd7 21.a4 Qe7 22.Rc1 Rdc8
23.Bf3 Nb4 24.Bg4 Bxd4+ 25.Nxd4 Rxc1 26.Qxc1 Na2 27.Nf5 Qf7 28.Qb2 Nac3 29.Rc1 h5
30.Bh3 Qc7 31.Nd4 Bc8 32.Nb5 Qe7 33.Bxc8 Rxc8 34.Nxc3 Rxc3 35.Rxc3 Nxc3 36.Qxc3 Qxe2
37.Nf2 h4 38.gxh4 Qh5 39.Qc8+ Kh7 40.Qg4 Qf7 41.h5 d4 42.Qf5+ Kh8 43.Qg6  1-0

[Event "NLD-ch sf"]
[Site "Enschede"]
[Date "1993.??.??"]
[Round "9"]
[White "Van der Griendt, Jan Willem"]
[Black "Grooten, Herman"]
[Result "1-0"]
[WhiteElo "2400"]
[BlackElo "2410"]

1.d4 Nf6 2.c4 e6 3.Nf3 b6 4.g3 Ba6 5.b3 Bb4+ 6.Bd2 Be7 7.Bg2 d5 8.Bc3 Ne4
9.Bb2 Nd7 10.O-O O-O 11.Nfd2 f5 12.a3 c5 13.cxd5 exd5 14.b4 Bf6 15.Qb3 c4
16.Qa4 Bb7 17.Nxe4 dxe4 18.b5 Qc7 19.Rc1 Rfc8 20.e3 a6 21.Bf1 Bd5 22.bxa6 Be6
23.Qb5 Qc6 24.a4 Ra7 25.Nd2 Qa8 26.Bxc4 Bxc4 27.Nxc4 f4 28.Nd6 Rcc7 29.Rxc7 Rxc7
30.Rc1 Rxc1+ 31.Bxc1 fxg3 32.Qxd7 gxf2+ 33.Kxf2 Bh4+ 34.Kg2  1-0

[Event "ESP-chT"]
[Site "?"]
[Date "1993.??.??"]
[Round "?"]
[White "Ruiz, Agustin"]
[Black "Garcia Padron, J."]
[Result "0-1"]
[WhiteElo "2295"]
[BlackElo "2465"]

1.d4 Nf6 2.c4 e6 3.Nf3 b6 4.g3 Ba6 5.Nbd2 Bb7 6.Bg2 c5 7.O-O cxd4 8.Nxd4 Qc8
9.Bxb7 Qxb7 10.N2f3 a6 11.b3 Be7 12.Bb2 O-O 13.Qd3 d6 14.Rad1 Nbd7 15.Qb1 Rfc8
16.Rfe1 Bf8 17.e4 b5 18.Nd2 Rab8 19.cxb5 axb5 20.f3 g6 21.Kg2 Bg7 22.b4 Ne5
23.N2b3 Nc4 24.Bc1 e5 25.Ne2 d5 26.Nc5 Qc6 27.a3 Bf8 28.exd5 Nxd5 29.Qe4 Rd8
30.Rxd5 Qxd5 31.Qxd5 Rxd5 32.Nc3 Rd4 33.f4 Bxc5 34.bxc5 f6 35.fxe5 fxe5 36.Ne4 Kg7
37.Bg5 h6 38.Be7 Kf7 39.Bd6 Nxd6 40.cxd6 Ke6 41.h3 Kd5 42.Nf6+ Kxd6 43.Ng4 e4
44.Nxh6 Rd2+ 45.Kg1 Rc8 46.Nf7+ Kd5 47.Ng5 Re8 48.h4 Rd3  0-1

[Event "ESP-chT"]
[Site "?"]
[Date "1993.??.??"]
[Round "?"]
[White "Pinter, Jozsef"]
[Black "Garcia Trobat, Francisco"]
[Result "1-0"]
[WhiteElo "2575"]
[BlackElo "2330"]

1.d4 Nf6 2.c4 e6 3.Nf3 b6 4.g3 Ba6 5.b3 Bb7 6.Bg2 Bb4+ 7.Bd2 a5 8.O-O O-O
9.Nc3 Re8 10.Qc2 h6 11.Rfe1 Bxc3 12.Bxc3 Be4 13.Qb2 d5 14.Bf1 Nbd7 15.Nd2 Qe7
16.Rac1 c6 17.e3 Bg6 18.f3 h5 19.a3 h4 20.g4 Nh7 21.f4 h3 22.Nf3 Be4 23.Be2 a4
24.b4 b5 25.cxb5 cxb5 26.Rf1 Reb8 27.Be1 Nhf6 28.Bh4 Bxf3 29.Rxf3 Qf8 30.f5 Nxg4
31.fxe6 Ndf6 32.Rg3 fxe6 33.Rf1  1-0

[Event "Eupen op"]
[Site "Eupen"]
[Date "1993.??.??"]
[Round "4"]
[White "Polaczek, Richard"]
[Black "Lau, Ralf"]
[Result "1/2-1/2"]
[WhiteElo "2415"]
[BlackElo "2530"]

1.d4 Nf6 2.c4 e6 3.Nf3 b6 4.g3 Ba6 5.b3 Bb7 6.Bg2 Bb4+ 7.Bd2 a5 8.O-O O-O
9.Bf4 Be7 10.Qc2 Na6 11.Nc3 d5 12.Ne5 Qc8 13.Qb2 h6 14.Rac1 c5 15.Na4 Qd8
16.dxc5 Nxc5 17.Nxc5 Bxc5 18.Nd3 Be7 19.Rfd1 Rc8 20.Be5 Bd6 21.Bxf6 Qxf6
22.Qxf6 gxf6 23.cxd5 Bxd5 24.Bxd5 exd5 25.Rxc8 Rxc8 26.Rc1 Rxc1+ 27.Nxc1 Kf8
28.Kg2 Ke7 29.Kh3 Ke6 30.Nd3 Kf5 31.f3 Kg5 32.Kg2 Kf5 33.Kf2 Bc5+ 34.Ke1 Be3
35.Kd1 Bg1 36.h3 Bh2 37.g4+ Kg5 38.b4 Bd6 39.bxa5 bxa5 40.Ne1 f5 41.gxf5 Kh4
42.e4 Kxh3 43.Ke2 h5 44.exd5 h4 45.Kf1 Kg3 46.Kg1 h3 47.Nd3 Kxf3 48.Nb2 Ke4
49.Nc4 Kxd5 50.Nxa5 Bc7 51.Nb3 Ke4 52.a4 Kxf5 53.a5 Kg4 54.a6 Kg3 55.Kh1 Bb6
56.Nd4 Kg4 57.Nc6 f5 58.Ne7 f4 59.Ng6  1/2-1/2

[Event "FIN-chT"]
[Site "FIN"]
[Date "1993.??.??"]
[Round "?"]
[White "Manninen, Marko"]
[Black "Rantanen, Yrjo A"]
[Result "1-0"]
[WhiteElo "2380"]
[BlackElo "2380"]

1.d4 Nf6 2.c4 e6 3.Nf3 b6 4.g3 Ba6 5.Nbd2 c5 6.e4 cxd4 7.e5 Ng4 8.h3 Nh6
9.Bg2 Nc6 10.O-O Nf5 11.g4 Nfe7 12.b4 Bb7 13.Nxd4 Qb8 14.Ne4 Nc8 15.Nxc6 Bxc6
16.b5 Bb7 17.Qd4 Qc7 18.Be3 Bxe4 19.Qxe4 Rb8 20.Rfd1 Bc5 21.Bxc5 Qxc5 22.Rd4 Ne7
23.Rad1 Ng6 24.Rxd7 Nxe5 25.R7d5  1-0

[Event "FIN-chT"]
[Site "FIN"]
[Date "1993.??.??"]
[Round "?"]
[White "Kanko, Ilkka"]
[Black "Raisa, Unto"]
[Result "0-1"]
[WhiteElo "2330"]
[BlackElo "2260"]

1.d4 Nf6 2.c4 e6 3.Nf3 b6 4.g3 Ba6 5.Qa4 Bb7 6.Bg2 Be7 7.O-O O-O 8.Nc3 Ne4
9.Nxe4 Bxe4 10.Rd1 d6 11.Be3 Qc8 12.Rac1 c5 13.b4 cxb4 14.Qxb4 Qb7 15.d5 Na6
16.Qb3 exd5 17.cxd5 Bf6 18.Bh3 Rab8 19.Rc6 Rfd8 20.Nd2 Bxd5 21.Qxd5 Nb4 22.Qf5 Nxc6
23.Ne4 Qe7 24.Bf4 Be5 25.Bg5 f6 26.Be3 d5 27.Nd2 d4  0-1

[Event "Peer Gynt"]
[Site "Gausdal"]
[Date "1993.??.??"]
[Round "2"]
[White "Engqvist, Thomas"]
[Black "Davies, Nigel R"]
[Result "1/2-1/2"]
[WhiteElo "2420"]
[BlackElo "2505"]

1.d4 Nf6 2.Nf3 e6 3.c4 b6 4.g3 Ba6 5.b3 Bb4+ 6.Bd2 Be7 7.Bg2 Bb7 8.O-O O-O
9.Qc2 Na6 10.Nc3 d5 11.cxd5 exd5 12.Rad1 Qd7 13.Ne5 Qe6 14.e4 Nb4 15.exd5 Bxd5
16.Bxd5 Nfxd5 17.Qb1 Nxc3 18.Bxc3 Nd5 19.Bb2 Rfe8 20.Rc1 f6 21.Nc4 Bb4 22.a3 Bf8
23.Rfe1 Qg4 24.Nd2 a5 25.Re4 Qd7 26.Rce1 g6 27.Rxe8 Rxe8 28.Rxe8 Qxe8 29.Qe4 Qd7
30.h4 Kf7 31.h5 Qe6 32.hxg6+ hxg6 33.Kf1 Bh6 34.Qxe6+ Kxe6 35.Nf3 b5 36.Ke2 Nb6
37.Bc3 a4 38.bxa4 Nxa4 39.Bb4 Nb6 40.Kd3 Bg7 41.Nh4 g5 42.Ng2 f5 43.f3 Nc4
44.Ne1 Bf6 45.Nc2 c6 46.Bf8 Kf7 47.Bc5 Ke6 48.Nb4 Nb2+ 49.Kc2 Na4 50.Ba7 Kd7
51.g4 fxg4 52.fxg4 Be7 53.d5 c5 54.Nc6 Bd6 55.Bb8 Bxb8 56.Nxb8+ Kd6 57.Nc6 Kxd5
58.Na7 Kc4 59.Nc8 Kd5 60.Na7 Kc4 61.Nc8 Kd4 62.Nd6 Ke3 63.Nxb5 Kf3 64.Nc3 Nb6
65.Kd3 Kxg4 66.a4 Kf3 67.a5 Nd7 68.a6 Ne5+ 69.Kd2 Nc6 70.Nd5 Ke4 71.Ne7 Na7
72.Kc3 g4 73.Ng6 g3 74.Nh4 Kd5 75.Nf5 Nb5+ 76.Kd2  1/2-1/2

[Event "Peer Gynt"]
[Site "Gausdal"]
[Date "1993.??.??"]
[Round "2"]
[White "Savchenko, Stanislav"]
[Black "Holmsgaard, Henrik"]
[Result "1-0"]
[WhiteElo "2530"]
[BlackElo "2335"]

1.d4 Nf6 2.c4 e6 3.Nf3 b6 4.g3 Ba6 5.b3 Bb4+ 6.Bd2 Be7 7.Bg2 c6 8.Bc3 d5
9.Ne5 Nfd7 10.Nxd7 Nxd7 11.Nd2 O-O 12.O-O b5 13.Re1 bxc4 14.bxc4 Nb6 15.c5 Nc4
16.Nxc4 Bxc4 17.Qa4 Qd7 18.e4 Bb5 19.Qc2 dxe4 20.Bxe4 h6 21.Rab1 Bc4 22.Rb4 Bd5
23.Reb1 Bxe4 24.Qxe4 Rac8 25.a4 Rc7 26.a5 Qc8 27.Qe2 Bf6 28.a6 Rd8 29.Rb7 Rcd7
30.Qf3 e5 31.Rxd7 Qxd7 32.Rb7 Qe6 33.dxe5 Be7 34.Rxa7 Bxc5 35.Rc7 Rc8 36.a7 Qe8
37.Qxc6  1-0

[Event "Gausdal Int"]
[Site "Gausdal"]
[Date "1993.??.??"]
[Round "2"]
[White "Engqvist, Thomas"]
[Black "Ostenstad, Berge"]
[Result "0-1"]
[WhiteElo "2420"]
[BlackElo "2465"]

1.d4 Nf6 2.Nf3 e6 3.c4 b6 4.g3 Ba6 5.b3 Bb4+ 6.Bd2 Be7 7.Bg2 c6 8.Bc3 d5
9.Ne5 Nfd7 10.Nxd7 Nxd7 11.Nd2 f5 12.O-O O-O 13.Rc1 Nf6 14.Bb2 Bd6 15.Rc2 Qe7
16.Qa1 f4 17.e4 fxe3 18.fxe3 Ng4 19.Qe1 Qg5 20.Rxf8+ Rxf8 21.Nf1 e5 22.h3 Rxf1+
23.Bxf1 Nxe3 24.Re2 Nxf1 25.Kxf1 dxc4 26.dxe5 c3 27.Qxc3 Qf5+ 28.Ke1 Qb1+
29.Kd2 Bb4  0-1

[Event "Gausdal Int"]
[Site "Gausdal"]
[Date "1993.??.??"]
[Round "3"]
[White "Ostenstad, Berge"]
[Black "Davies, Nigel R"]
[Result "1/2-1/2"]
[WhiteElo "2465"]
[BlackElo "2505"]

1.d4 Nf6 2.Nf3 e6 3.c4 b6 4.g3 Ba6 5.Qa4 Bb7 6.Bg2 c5 7.dxc5 bxc5 8.O-O Be7
9.Nc3 O-O 10.Rd1 d6 11.Bf4 Qb6  1/2-1/2

[Event "Arnold Cup"]
[Site "Gausdal"]
[Date "1993.??.??"]
[Round "3"]
[White "Skembris, Spyridon"]
[Black "Stefansson, Hannes"]
[Result "1-0"]
[WhiteElo "2565"]
[BlackElo "2495"]

1.d4 Nf6 2.c4 e6 3.Nf3 b6 4.g3 Ba6 5.Qa4 Bb7 6.Bg2 c5 7.dxc5 bxc5 8.O-O Be7
9.Nc3 O-O 10.Rd1 Qb6 11.Bf4 Na6 12.Rd2 Rfd8 13.Ne5 Bxg2 14.Kxg2 Rac8 15.Rad1 d6
16.Nf3 h6 17.Qb5 Rc6 18.Na4 Qc7 19.Ne5 Nb4 20.Nxc6 Nxc6 21.Nxc5 g5 22.Bxd6 Bxd6
23.Na6  1-0

[Event "Peer Gynt"]
[Site "Gausdal"]
[Date "1993.??.??"]
[Round "4"]
[White "Engqvist, Thomas"]
[Black "Holmsgaard, Henrik"]
[Result "1-0"]
[WhiteElo "2420"]
[BlackElo "2335"]

1.d4 Nf6 2.Nf3 e6 3.c4 b6 4.g3 Ba6 5.Qb3 Nc6 6.Nbd2 Na5 7.Qa4 Bb7 8.Bg2 c5
9.dxc5 Bxc5 10.O-O Rc8 11.Ne1 Bxg2 12.Nxg2 Be7 13.Ne3 O-O 14.b4 Nc6 15.b5 Na5
16.Nb3 Nxb3 17.axb3 Rc7 18.Ba3 Ne4 19.Bxe7 Qxe7 20.Qa3 Qg5 21.Qb2 f5 22.Qd4 Kh8
23.Ra2 Re8 24.Rfa1 e5 25.Qd3 h5 26.Rxa7 Rxa7 27.Rxa7 d6 28.b4 h4 29.Rf7 hxg3
30.hxg3 g6 31.Kg2 Re7 32.Rxe7 Qxe7 33.Nd5 Qa7 34.Qe3 Kh7 35.Nxb6 Qa2 36.Qd3 g5
37.g4  1-0

[Event "BL9293 (Women)"]
[Site "Germany"]
[Date "1993.??.??"]
[Round "?"]
[White "Heinatz, Gundula"]
[Black "Jahn, Constanze"]
[Result "1/2-1/2"]
[WhiteElo "2225"]
[BlackElo "2180"]

1.d4 Nf6 2.c4 e6 3.Nf3 b6 4.g3 Ba6 5.Qc2 c5 6.d5 Be7 7.Nc3 O-O 8.Bg2 exd5
9.cxd5 d6 10.O-O b5 11.e4 Nbd7 12.Re1 b4 13.Nd1 Ng4 14.Bf4 Qb6 15.Ne3 Nxe3
16.Rxe3 Bf6 17.e5  1/2-1/2

[Event "Baden-NRW"]
[Site "Germany"]
[Date "1993.??.??"]
[Round "?"]
[White "Siegel, Georg"]
[Black "Doering, Thomas"]
[Result "1/2-1/2"]
[WhiteElo "2285"]
[BlackElo "2245"]

1.d4 Nf6 2.c4 e6 3.Nf3 b6 4.g3 Ba6 5.b3 b5 6.cxb5 Bxb5 7.Bg2 Bc6 8.O-O a5
9.Nc3 Bb4 10.Bb2 O-O 11.Ne5 Bxg2 12.Kxg2 Qc8 13.Na4 Qb7+ 14.f3 Na6 15.Rc1 Qb5
16.Qd3 Rfb8 17.Kf2 Be7 18.Bc3 c5 19.Rfd1 cxd4 20.Bxd4 Qxd3 21.Nxd3  1/2-1/2

[Event "BL2-S9293"]
[Site "Germany"]
[Date "1993.??.??"]
[Round "?"]
[White "Schuh, Hubert"]
[Black "Roeder, Mathias"]
[Result "1/2-1/2"]
[WhiteElo "2350"]
[BlackElo "2405"]

1.d4 Nf6 2.c4 e6 3.Nf3 b6 4.g3 Ba6 5.b3 Bb4+ 6.Bd2 Bxd2+ 7.Qxd2 c6 8.Nc3 d5
9.e4 Nxe4 10.Nxe4 dxe4 11.Ng5 O-O 12.Bg2 Nd7 13.Bxe4 h6 14.Nf3 Qc7 15.O-O Rad8
16.Qe3 c5 17.Rad1 Nf6 18.Bc2 Bb7 19.Ne5 cxd4 20.Rxd4 Rxd4 21.Qxd4 Rd8 22.Qe3 Qd6
23.f3 Qa3 24.Rf2 Kf8 25.Re2 Rd6 26.Kf2 Nd7 27.Nxd7+  1/2-1/2

[Event "BL2-S9293"]
[Site "Germany"]
[Date "1993.??.??"]
[Round "?"]
[White "Bruch, Ingo"]
[Black "Panzalovic, Srdjan"]
[Result "1-0"]
[WhiteElo "2285"]
[BlackElo "2385"]

1.d4 Nf6 2.c4 e6 3.Nf3 b6 4.g3 Ba6 5.b3 Bb7 6.Bg2 Bb4+ 7.Bd2 c5 8.Bxb4 cxb4
9.d5 exd5 10.Nh4 Qc7 11.Nd2 dxc4 12.Nxc4 O-O 13.Bxb7 Qxb7 14.O-O Qd5 15.Qc1 Nc6
16.Rd1 Qh5 17.Nd6 Qxe2 18.Re1 Qh5 19.Qb2 Ng4 20.Rad1 Nge5 21.Kg2 f6 22.f4 Nf7
23.Ndf5 Rae8 24.h3 Rxe1 25.Rxe1 Nfd8 26.Qd2 d5 27.g4 Qf7 28.Nd6 Qd7 29.Qxd5+ Kh8
30.Nhf5 g6 31.Re7 Qxe7 32.Nxe7 Nxe7 33.Qc4 Nec6 34.h4 h6 35.g5 hxg5 36.hxg5 Kh7
37.Ne4 fxg5 38.fxg5 Ne5 39.Qc7+ Ndf7 40.Nf6+ Kg7 41.Qxa7 Rc8 42.Qe7 Rc2+
43.Kf1 Rc1+ 44.Ke2 Rg1 45.Ne8+ Kg8 46.Nf6+ Kg7 47.Ne4 Rg4 48.Ke3 b5 49.Nc5 Rg3+
50.Ke2  1-0

[Event "BL2-N9293"]
[Site "Germany"]
[Date "1993.??.??"]
[Round "?"]
[White "Preuschoff, Michael"]
[Black "Chuchelov, Vladimir"]
[Result "0-1"]
[WhiteElo "2285"]
[BlackElo "2500"]

1.d4 Nf6 2.Nf3 e6 3.c4 b6 4.g3 Ba6 5.b3 b5 6.cxb5 Bxb5 7.Bg2 Bc6 8.O-O a5
9.Nc3 Bb4 10.Bb2 Qc8 11.a3 Bxc3 12.Bxc3 Qb7 13.Bh3 Bxf3 14.exf3 Nd5 15.Bb2 Nc6
16.Rb1 O-O 17.Qc2 Rfb8 18.Ba1 Ra6 19.Rfd1 Rb6 20.Rd3 Ncb4 21.axb4 Nxb4 22.Qc3 Nxd3
23.d5 e5 24.Qxd3 Rxb3 25.Rxb3 Qxb3 26.Bc3 Qb1+ 27.Qxb1 Rxb1+ 28.Kg2 a4 29.Bxd7 a3
30.Bxe5 a2 31.f4 a1=Q 32.Bxa1 Rxa1 33.Kf3 Kf8 34.h4 Ke7 35.Bc6 f5 36.Bb5 Kd6
37.Bd3 Ra3 38.Ke2 g6 39.g4 fxg4 40.f5  0-1

[Event "BL2-W9293"]
[Site "Germany"]
[Date "1993.??.??"]
[Round "?"]
[White "Gruen, Peter"]
[Black "Kengis, Edvins"]
[Result "0-1"]
[WhiteElo "2375"]
[BlackElo "2555"]

1.d4 Nf6 2.Nf3 e6 3.c4 b6 4.g3 Ba6 5.b3 d5 6.cxd5 Nxd5 7.Bg2 Bb4+ 8.Bd2 Be7
9.O-O Nd7 10.Nc3 O-O 11.Nxd5 exd5 12.Rc1 Re8 13.Bf4 c5 14.dxc5 Bxc5 15.Rc2 Nf6
16.a3 Qe7 17.Nd4 Qd7 18.Re1 Rac8 19.e3 h6 20.b4 Bf8 21.Rxc8 Rxc8 22.Qb1 Bc4
23.Be5 Ne4 24.Nf3 a5 25.Qb2 axb4 26.axb4 Qb5 27.Bd4 Ra8 28.Ne5 Ra4 29.Nxc4 Qxc4
30.Bxe4 dxe4 31.b5 Rb4 32.Qc1 Qxb5 33.Qc8  0-1

[Event "Gladsaxe"]
[Site "Gladsaxe"]
[Date "1993.??.??"]
[Round "5"]
[White "Henrichsen, Jens"]
[Black "Nielsen, John Arni"]
[Result "0-1"]
[WhiteElo "2185"]
[BlackElo "2265"]

1.d4 Nf6 2.c4 e6 3.Nf3 b6 4.g3 Ba6 5.b3 Bb4+ 6.Bd2 Be7 7.Bc3 c6 8.Bg2 Ne4
9.Bb2 d5 10.O-O Nd7 11.cxd5 cxd5 12.Nc3 Nxc3 13.Bxc3 Rc8 14.Bb2 O-O 15.Qd2 b5
16.a4 Qb6 17.a5 Qd6 18.Rfc1 Qb4 19.Qd1 Qd6 20.Ne1 b4 21.Nd3 Qb8 22.Qd2 Rxc1+
23.Rxc1 Qb5 24.Ra1 Nb8 25.Bf1 Rc8 26.e3 Qb7 27.Be2 Qc7 28.Bd1 Nc6 29.Nc5 Bb5
30.f4 a6 31.Bf3 Nxa5 32.Qxb4 Nb7 33.Qc3 Nxc5 34.dxc5 Bf6 35.Qd2 Bxb2 36.Qxb2 Qxc5
37.Qd4 Qxd4 38.exd4 Rc3 39.Bd1 Kf8 40.b4 Rc4 41.Be2 Rxb4 42.Bxb5 axb5 43.Ra8+ Ke7
44.Rb8 Rb2 45.h3 Kf6 46.Rb7 h5  0-1

[Event "Gladsaxe"]
[Site "Gladsaxe"]
[Date "1993.??.??"]
[Round "8"]
[White "Christensen, Bo Garner"]
[Black "Nielsen, John Arni"]
[Result "0-1"]
[WhiteElo "2205"]
[BlackElo "2265"]

1.d4 Nf6 2.Nf3 e6 3.c4 b6 4.g3 Ba6 5.Qa4 c6 6.Nc3 b5 7.cxb5 cxb5 8.Nxb5 Qb6
9.e3 Bb7 10.Be2 Bc6 11.Qb3 Qb7 12.Ne5 Bxb5 13.Bxb5 Qxh1+ 14.Ke2 Be7 15.Qc3 O-O
16.b3 Qb7 17.Bd3 Nc6 18.Bb2 Rac8 19.Qd2 Nb4 20.Bb1 Ne4 21.Qd1 f5 22.Nc4 Ng5
23.Ne5 d6 24.h4 dxe5 25.hxg5 e4 26.g6 hxg6 27.a3 Qa6+ 28.Kd2 Nd3 29.Qf1 Qa5+  0-1

[Event "Goch op"]
[Site "Goch"]
[Date "1993.??.??"]
[Round "7"]
[White "Mueller, M."]
[Black "Helmond, Frans"]
[Result "1/2-1/2"]
[WhiteElo "2315"]
[BlackElo "2090"]

1.d4 Nf6 2.Nf3 e6 3.c4 b6 4.g3 Ba6 5.Qc2 c5 6.Bg2 Bb7 7.O-O cxd4 8.Nxd4 Bxg2
9.Kxg2 Be7 10.e4 d6 11.b3 a6 12.Bb2 Qc7 13.Nd2 O-O 14.Rfe1 Nbd7 15.Rad1 Rac8
16.Qd3 Nc5 17.Qe2 Qb7 18.f3 Rfe8 19.Nf1 Bf8 20.h3 Nfd7 21.Kh2 Ne5 22.f4 Nc6
23.Nf3 b5 24.cxb5 axb5 25.Rd2 Ra8 26.Bc3 b4 27.Ba1 Ra3 28.Nd4 Nxd4 29.Bxd4 Rea8
30.Bxc5 dxc5 31.Rc1 R8a5 32.Rcc2 Qa8 33.Ne3 Ra7 34.Nc4 R3a6 35.e5 g6 36.Qg2 Qxg2+
37.Kxg2 Be7 38.Kf3 f5 39.Ke3 Kf8 40.Nd6 Bxd6 41.exd6 Rd7 42.Rxc5 Raxd6 43.Rxd6 Rxd6
44.g4 h6 45.Rb5 Ra6 46.Rxb4 Rxa2 47.Rb7 Rh2 48.gxf5 Rxh3+ 49.Kd4 exf5 50.Ke5 Ke8
51.Kf6 Rg3 52.b4 Kd8 53.b5 Kc8 54.Rh7 g5  1/2-1/2

[Event "GRE-ch"]
[Site "GRE"]
[Date "1993.??.??"]
[Round "1"]
[White "Skembris, Spyridon"]
[Black "Mastrokoukos, Georgios"]
[Result "1/2-1/2"]
[WhiteElo "2545"]
[BlackElo "2325"]

1.d4 Nf6 2.c4 e6 3.Nf3 b6 4.g3 Ba6 5.b3 Bb4+ 6.Bd2 Be7 7.Bg2 c6 8.O-O d5
9.Bf4 Nbd7 10.Nbd2 Rc8 11.Rc1 O-O 12.Ne5 Nxe5 13.Bxe5 Qd7 14.Qc2 Ng4 15.Nf3 Nxe5
16.Nxe5 Qd6 17.Rfd1 c5 18.cxd5 cxd4 19.Nc6 exd5 20.Rxd4 Bb7 21.Bxd5 Bxc6
22.Bxf7+ Rxf7 23.Rxd6 Bxd6 24.Qd2 Bc5 25.e3 Rd7 26.Qe2 Rcc7 27.h4 Rf7 28.Qg4 Ba3
29.Qg5 Bxc1 30.Qd8+ Be8 31.Qxe8+ Rf8 32.Qe6+ Kh8 33.Qe4 a5 34.Kg2 Ba3 35.f4 Bb4
36.Qe6 Rc2+ 37.Kh3 Bc5 38.e4 Rc3 39.Kg2 Rd8 40.e5 Rd2+ 41.Kh3 h6 42.Qc8+ Kh7
43.Qf5+ Kg8 44.Qe6+ Kf8 45.Qf5+ Kg8 46.Qe6+ Kf8 47.Qf5+ Kg8  1/2-1/2

[Event "Groningen op"]
[Site "Groningen"]
[Date "1993.??.??"]
[Round "4"]
[White "Magerramov, Elmar"]
[Black "Sergeev, Vladimir"]
[Result "1-0"]
[WhiteElo "2545"]
[BlackElo "2440"]

1.d4 Nf6 2.c4 e6 3.Nf3 b6 4.g3 Ba6 5.b3 b5 6.cxb5 Bxb5 7.Bg2 Bb4+ 8.Bd2 a5
9.O-O Bc6 10.Qc2 Be4 11.Qb2 O-O 12.Rc1 Na6 13.Bg5 h6 14.Bxf6 Qxf6 15.Ne5 Bxg2
16.Kxg2 Rfd8 17.Nc3 c6 18.Na4 Qe7 19.a3 Bd6 20.Nc4 Bc7 21.Qd2 Qg5 22.Qd3 Qb5
23.Rc3 Rdb8 24.Qc2 e5 25.dxe5 Bxe5 26.Nxe5 Qxe5 27.Rd1 Rb7 28.Re3 Qf6 29.Qd2 Qd8
30.Qd4 Rab8 31.Qc4 Ra7 32.Red3 Qe7 33.Rd6 Rbb7 34.Qc2 Ra8 35.e3 Raa7 36.R1d4 Ra8
37.Qc3 Qf8 38.Rxd7 Rxd7 39.Rxd7 Nb8 40.Rd2 Ra7 41.Nc5 Qe7 42.Rd4 Na6 43.Qd3 Nc7
44.Rd8+ Ne8 45.Rc8 Rc7 46.Rb8 Kf8 47.b4 axb4 48.axb4 Qe5 49.Qh7 f6 50.Qg6 Rf7
51.Rd8 Qb2 52.Ne6+ Ke7 53.Rd7+  1-0

[Event "Groningen op"]
[Site "Groningen"]
[Date "1993.??.??"]
[Round "5"]
[White "Kolev, Atanas"]
[Black "Douven, Rudy C"]
[Result "0-1"]
[WhiteElo "2500"]
[BlackElo "2405"]

1.d4 Nf6 2.c4 e6 3.Nf3 b6 4.g3 Ba6 5.b3 d5 6.Bg2 Bb4+ 7.Bd2 Bd6 8.cxd5 exd5
9.Nc3 O-O 10.O-O Re8 11.Re1 c6 12.Rc1 Bb7 13.Nh4 Na6 14.Bg5 h6 15.Bxf6 Qxf6
16.e4 dxe4 17.Nxe4 Qd8 18.Nxd6 Qxd6 19.Qd2 Qf6 20.Qf4 Qxf4 21.gxf4 Nb4 22.Re3 Nxa2
23.Ra1 Rxe3 24.fxe3 Nb4 25.Nf5 a5 26.Kf2 Rd8 27.Bf3 Kh7 28.Be4 g6 29.Ng3 f5
30.Bf3 Ba6 31.Be2 Bxe2 32.Kxe2 Kg7 33.Nf1 g5 34.Kf3 Kf6 35.Nd2 c5 36.fxg5+ hxg5
37.Nc4 cxd4 38.Nxb6 dxe3 39.Rxa5 f4 40.Rb5 g4+ 41.Kxg4 e2 42.Rf5+ Ke6  0-1

[Event "Groningen PCA"]
[Site "Groningen"]
[Date "1993.??.??"]
[Round "5"]
[White "Huebner, Robert"]
[Black "Vaganian, Rafael A"]
[Result "1/2-1/2"]
[WhiteElo "2605"]
[BlackElo "2615"]

1.d4 Nf6 2.c4 e6 3.Nf3 b6 4.g3 Ba6 5.Nbd2 Bb7 6.Bg2 c5 7.dxc5 bxc5 8.O-O Be7
9.b3 O-O 10.Bb2 Qc7 11.Qc2 h6 12.e4 d6 13.e5 dxe5 14.Bxe5 Qb6 15.Rad1 Nc6
16.Nb1 Nxe5 17.Nxe5 Bxg2 18.Kxg2 Qb7+ 19.f3 Qc7 20.Qe2 Bd6 21.Nd3 Rad8 22.Nc3 a6
23.Rd2 Rd7 24.Rfd1 Rfd8 25.Na4 h5 26.f4 Be7 27.Ne5 Rxd2 28.Rxd2 Rxd2 29.Qxd2 Bd6
30.Nf3 Qc6 31.Nc3 g6 32.Qe2 Bf8 33.Kg1 Bg7 34.Qd3 Nd7 35.Ne4 f5 36.Neg5 Kf8
37.Kf2 Ke7 38.Ke2 Bd4 39.Kd1 Bf6 40.Qe2 a5 41.Kc1 a4 42.bxa4 e5 43.fxe5 Bxg5+
44.Nxg5 Qxa4 45.Nf3 Qa3+ 46.Kb1 Nb6 47.Nh4 Ke8 48.Nxg6 Qb4+ 49.Qb2 Qe1+ 50.Qc1 Qe4+
51.Qc2 Qe1+ 52.Qc1  1/2-1/2